|
|
|
|
| LEADER |
00000ny a22000003n 4500 |
| 003 |
EbpS |
| 005 |
20110512150356.0 |
| 006 |
m d |||||| |
| 007 |
cr anunnnuuuaa |
| 008 |
940208c19939999cauqr p 0 a0eng d |
| 022 |
0 |
|
|a 1084-1806
|
| 035 |
|
|
|a 4077
|
| 040 |
|
|
|d vLex
|
| 050 |
0 |
0 |
|a JA1
|b .A37
|
| 050 |
0 |
0 |
|a JA1
|b .A37
|
| 090 |
|
|
|c 1815
|d 1815
|
| 245 |
0 |
0 |
|a Administrative theory & praxis
|h [Recurso electrn̤ico]
|b a journal of dialogue in public administration theory
|
| 246 |
3 |
|
|a Administrative theory and praxis
|
| 246 |
3 |
|
|a ATP
|f Mar. 2002-
|
| 256 |
|
|
|a Servicio en ln̕ea
|
| 260 |
|
|
|a Hayward, Calif. :
|b Public Administration Theory Network,
|
| 310 |
|
|
|a Quarterly, 2002-
|
| 506 |
1 |
|
|a Contenido solo disponible en los productos indicados
|d vLex Global
|d vLex Global (Academic Edition, excluding Law Schools)
|d vLex Global (U.S. Academic Edition, excluding Law Schools)
|
| 515 |
|
|
|a Vol. 17, no. 1 also called Vol. 1, no. 1
|
| 550 |
|
|
|a Issued by: Dept. of Public Administration, California State University, Hayward
|
| 650 |
0 |
4 |
|a Administracin̤ pb︢lica
|x Publicaciones perid̤icas
|
| 710 |
2 |
|
|a California State University, Hayward.
|b Dept. of Public Administration
|
| 740 |
|
|
|a vLex Revista (Servicios en ln̕ea)
|
| 780 |
0 |
0 |
|t Dialogue (Hayward, Calif.)
|
| 843 |
|
|
|a Electrn̤ica. Abierta
|
| 853 |
|
|
|8 1
|i (year)
|j (month)
|k (day)
|
| 856 |
4 |
0 |
|u http://vlex.com/source/4077
|z Acceso restringido
|
| 942 |
|
|
|c REV
|
| 999 |
|
0 |
|a Public administration
|v Periodicals
|